00491nam a2200145 a 4500008004100000050002500041110003600066245006700102260002300169300002100192490003600213500004100249650001800290650003700308120619s1996 ||||||||||||||||| || u aRG 940 Mot (BOX 140) aWorld Health Organization (WHO)10aMother-baby package: implementing safe motherhood in countries aGeneva:bWHOc1996 axxii, 89p.: ill. aSafe Motherhood Practical Guide aBlue Trunk Library Collection (WHO). aMATERNAL CARE aMATERNAL HEALTH SERVICES--AFRICA